Statistics for Who Sang That Top 2000 Song?

Click here to take the quiz!

General Stats

  • This quiz has been taken 779 times
    (776 since last reset)
  • The average score is 6 of 15

Answer Stats

HintAnswer% Correct
3. Say My NameDestiny's Child
79%
2. SmoothSantana (ft. Rob Thomas)
70%
6. Maria MariaSantana (ft. The Product G&B)
69%
14. Thong SongSisqo
65%
15. Kryptonite3 Doors Down
54%
8. AmazedLonestar
35%
12. Try AgainAaliyah
34%
9. I Knew I Loved YouSavage Garden
33%
11. HigherCreed
32%
1. BreatheFaith Hill
28%
7. BentMatchbox Twenty
27%
10. He Wasn't Man EnoughToni Braxton
23%
13. There You GoP!nk
20%
5. Everything You WantVertical Horizon
16%
4. I Wanna KnowJoe
15%

Score Distribution

Percentile by Number Answered

Percent of People with Each Score

Your Score History

You have not taken this quiz since the last reset